| 000 | 00610nam a2200169Ia 4500 | ||
|---|---|---|---|
| 003 | IN-BaIIA | ||
| 008 | 211028s9999 xx 000 0 eng d | ||
| 020 | _a0-7503-0868-0 | ||
| 040 | _cIIA Library | ||
| 080 |
_a(038)52 _bSLO |
||
| 245 | 0 |
_aAstronomically speaking _ba dictionary of quotations on astronomy, mathematics, and physics _cedited by C. Gaither and A. E. Cavazos-Gaither |
|
| 260 |
_aBristol _bInstitute of Physics _c2003 |
||
| 300 | _axviii, 545p. | ||
| 650 |
_aAstronomy - Dictionary _928740 |
||
| 700 |
_aCavazos-Gaither, A. E., ed. _928741 |
||
| 942 | _cBK | ||
| 999 |
_c15590 _d15590 |
||